000 01011nam a2200277 i 4500
001 183173
003 ES-MaACL
005 20230906221822.0
008 140128s1982 sp | |||| ||spa d
020 _a84-350-0383-3
080 _a616.21:159.961.22
100 1 _aHuxley, Aldous,
_d1894-1963
_964858
245 1 0 _aMoksha /
_cAldous Husley ; compiladores, Michael Horowirz y Cynthia Palmer ; introducciones, Albert Hofman y Alexander Shulgin ; [traducción del inglés de Eduardo Goligorsky].
250 _a[1ª ed. en lengua española].
260 _aBarcelona :
_bEdhasa,
_c1982.
300 _a4 h., 378 p. ;
_c19 cm.
504 _aBibliografía: p. [376]-377.
650 4 _aAlucinógenos.
_99746
700 1 1 _aGoligorsky, Eduardo.
_957708
700 1 _aHorowitz, Michael.
_9154279
700 1 _aPalmer, Cynthia.
_9154280
700 1 _aHofman, Albert.
_9154281
700 1 _aShulgin, A. T.
_9154282
852 _aES-MaACL
_jL-29981
_z.- Donat. Miguel A. Velasco
999 _c183173
_d183173